LEADER 01354nam a2200289 4500 001 000000331562 003 CaOOAMICUS 005 20181207090332.0 008 181206s2006 fr 000 u fre r 020 $a2070404410* 040 $aSeMil$bita 100 1 $aMonod, Théodore,$d<1902-2000>.$0(OLS)http://semarc/name/108639 245 13$aLe chercheur d'absolu :$bsuivi de Textes de combat /$cThéodore Monod ; édition présentée et préparée par Martine Leca ; préface d'Albert Jacquard. 264 1$aParis :$bGallimard,$c2006. 300 $a261 p. ;$c18 cm 490 1 $aFolio ;$v3120 600 14$aMonod, Théodore <1902-2000>.$0(OLS)http://semarc/subject/47939 650 4$aGuerra - Concezione filosofica.$0(OLS)http://semarc/subject/38955 700 1 $aLeca, Martine,$d<1951- >.$0(OLS)http://semarc/name/108641 700 1 $aJacquard, Albert,$d<1925-2013>.$0(OLS)http://semarc/name/48729 830 0$aFolio ;$v3120.$0(OLS)http://semarc/title/11095 850 $aSeMil 852 $aSeMil$W1$xVenegono$y1$m3J V 317$j211308$B223689$CSeMilBibl$Z2$F223689 $81 996 $6020$a2070404410*$9(OLS)http://semarc/number/285810 996 $6245$aLe chercheur d'absolu :$bsuivi de Textes de combat$9(OLS)http://semarc/title/420289 996 $6264$aParis :$bGallimard$9(OLS)http://semarc/publisher/29952 LEADER 01118nam a2200241 i 4500 001 000000012720 003 CaOOAMICUS 005 20180830125441.0 008 180830s1914 it u000 u ita u 040 $aSeMil$bita 100 1 $aGay, Charles,$d<1815-1892>.$0(OLS)http://semarc/name/6053 245 10$aDiscorsi per la Quaresima /$cMons. L. Carlo Gay ; preceduti da una prefazione di monsignor D'Hulst. 250 $a2. ed. Versione condotta sulla 2. ed. francese. 260 $aNapoli :$bRondinella & Loffredo,$c1914. 300 $a2 v. ;$c20 cm. 650 4$aQuaresima - Meditazioni.$0(OLS)http://semarc/subject/2055 700 1 $aTurchetti, B.$0(OLS)http://semarc/name/6056 700 1 $aGiacinto, M.$0(OLS)http://semarc/name/6055 700 1 $aHulst, Maurice Le Sage d'Hauteroche : d',$d<1841-1896>.$0(OLS)http://semarc/name/6054 774 0 $a* Intestazione al titolo$tVolume primo.$g1$w()90888 774 0 $a* Intestazione al titolo$tVol. 2.$g2$w()133190 996 $6245$aDiscorsi per la Quaresima$9(OLS)http://semarc/title/16943 996 $6260$aNapoli :$bRondinella & Loffredo$9(OLS)http://semarc/publisher/33514